Racioenergia '91

Bibliographic Details
Format: Book
Language:Slovak
Published: Bratislava Dom techniky ZSVTS 1991
ISBN:802330206X
Edition:1. vyd.

MARC

LEADER 00000nam a2200000 a 4500
001 vtls001156602
003 SK-MaSNL
005 20260224011609.0
008 180126s1991 xo 0 slo
020 |a 802330206X 
035 |a SNK000099499 
040 |a SNK  |b slo  |c SNK  |e AACR2 
044 |a xo  |c SK 
245 1 |a Racioenergia '91 
250 |a 1. vyd. 
260 |a Bratislava  |b Dom techniky ZSVTS  |c 1991 
919 |a 80-233-0206-X 
999 |c 784539  |d 786469 
952 |t P60, <03>, [BOOK], {603}  |a SNK  |b SNK  |y PREZ  |7 0  |p 17A0294538  |o snkSC 80656  |0 0  |1 0  |4 0  |d 2001-03-26  |l 0  |r 2025-08-12 00:00:00  |w 2026-02-24